00491nam a22001457a 450000500170000001000300001702000260004703700150007310000230008824500600011126000390017127000760021030000270028650000320031320170914122837.0 a1718EN-30  a9789385985003c475.00 bAakaradpl aBelhekar, Vivek M. aStatistics for psychology using Rcby Vivek M.Belhekar aNew DelhibSAGE Publicationsc2016 aB1/1-1Mohan Cooperative Industrial Area,Mathura RoadbNew Delhie110044 axiv,378p, c23cm (pbk) aIncludes appendix and index